|
|
|
|
| LEADER |
02038nam a2200385 a 4500 |
| 001 |
26491 |
| 003 |
BD-DhAAL |
| 008 |
130121s2012 stka b 001 0 eng d |
| 999 |
|
|
|c 13117
|d 13117
|
| 010 |
|
|
|a 2011009925
|
| 020 |
|
|
|a 9780702042935 (pbk.)
|
| 020 |
|
|
|a 9780702042942 (international)
|
| 040 |
|
|
|a DNLM/DLC
|c DLC
|d DLC
|c BD-DhAAL
|
| 082 |
0 |
0 |
|a 615.5/8
|2 22
|
| 245 |
0 |
0 |
|a Clinical pharmacy and therapeutics /
|c edited by Roger Walker and Cate Whittlesea.
|
| 250 |
|
|
|a Fifth edition
|
| 260 |
|
|
|a Edinburgh :
|b Churchill Livingston/Elsevier,
|c 2012.
|
| 300 |
|
|
|a xii, 983 pages :
|b illustrations (some col.) ;
|c 28 cm.
|
| 504 |
|
|
|a Includes bibliographical references and index.
|
| 541 |
1 |
|
|e 00026491
|
| 650 |
|
0 |
|a Chemotherapy.
|9 43707
|
| 650 |
|
0 |
|a Pharmacology.
|9 43708
|
| 650 |
|
0 |
|a Therapeutics.
|9 43709
|
| 650 |
|
0 |
|a Pharmacy.
|9 43710
|
| 650 |
1 |
2 |
|a Drug Therapy.
|9 43711
|
| 650 |
2 |
2 |
|a Pharmacology, Clinical.
|9 43712
|
| 700 |
1 |
|
|a Walker, Roger,
|c Ph. D.
|9 43713
|
| 700 |
1 |
|
|a Whittlesea, Cate.
|9 43714
|
| 852 |
1 |
|
|a Ayesha Abed Library
|j General Stacks
|
| 942 |
|
|
|2 ddc
|c BK
|
| 952 |
|
|
|0 0
|1 0
|4 0
|6 615_580000000000000_CLI
|7 0
|9 21831
|a BRACUL
|b BRACUL
|c GEN
|d 2013-01-21
|e Trim Education
|g 3850.00
|l 11
|m 169
|o 615.58 CLI
|p 3010026491
|r 2023-12-18
|s 2023-03-29
|t 1
|w 2013-01-21
|y BK
|
| 952 |
|
|
|0 0
|1 0
|4 0
|6 615_580000000000000_CLI
|7 0
|9 21832
|a BRACUL
|b BRACUL
|c GEN
|d 2013-01-21
|e Trim Education
|g 3850.00
|l 9
|m 97
|o 615.58 CLI
|p 3010026492
|r 2023-03-23
|s 2023-01-22
|t 2
|w 2013-01-21
|y BK
|
| 952 |
|
|
|0 0
|1 0
|2 ddc
|4 0
|6 615_500000000000000_8_CLI
|7 0
|9 21833
|a PHR
|b PHR
|c GEN
|d 2013-01-21
|e Trim Education
|g 3850.00
|l 1
|o 615.58 CLI
|p 3010026494
|r 2015-05-18
|s 2015-05-11
|t 4
|w 2013-01-21
|y BK
|
| 952 |
|
|
|0 0
|1 0
|4 0
|6 615_580000000000000_CLI
|7 0
|9 21834
|a BRACUL
|b BRACUL
|c GEN
|d 2013-01-21
|e Trim Education
|g 3850.00
|l 12
|m 140
|o 615.58 CLI
|p 3010026495
|r 2024-04-28
|s 2024-04-17
|t 5
|w 2013-01-21
|y BK
|
| 952 |
|
|
|0 0
|1 0
|2 ddc
|4 0
|6 615_580000000000000_CLI
|7 0
|9 21835
|a BRACUL
|b BRACUL
|c GEN
|d 2013-01-21
|e Trim Education
|g 3850.00
|l 9
|m 79
|o 615.58 CLI
|p 3010026493
|r 2023-07-05
|s 2023-03-06
|t 3
|w 2013-01-21
|y BK
|